Categories - Spanish! - Statistics

General Stats
  • This quiz has been taken 14 times
  • The average score is 36 of 45
Answer Stats
Question Tile Select % Correct
Click all food items! Basura No
100%
Click all food items! Cabeza No
100%
Click all food items! Libro No
100%
Click all food items! Pan Yes
100%
Click all food items! Papel No
100%
Click all colours! Amarillo Yes
91%
Click all colours! Blanco Yes
91%
Click all colours! Blu No
91%
Click all body parts! Cabeza Yes
91%
Click all body parts! Cuchillo No
91%
Click all countries! España Yes
91%
Click all animals! Gato Yes
91%
Click all colours! Grayo No
91%
Click all countries! Italia Yes
91%
Click all countries! Japón Yes
91%
Click all food items! Mantequilla Yes
91%
Click all body parts! Ojos Yes
91%
Click all colours! Pinca No
91%
Click all food items! Pollo Yes
91%
Click all colours! Rojo Yes
91%
Click all colours! Rosso No
91%
Click all countries! Rusia Yes
91%
Click all animals! Tortuga Yes
91%
Click all colours! Verde Yes
91%
Click all countries! Anglattera No
82%
Click all colours! Azúl Yes
82%
Click all animals! Campaña No
82%
Click all body parts! Manos Yes
82%
Click all body parts! Pantalla No
82%
Click all animals! Rabbita No
82%
Click all body parts! Teclado No
82%
Click all body parts! Ventana No
82%
Click all body parts! Corazón Yes
73%
Click all animals! Vaca Yes
73%
Click all animals! Araña Yes
64%
Click all body parts! Dedos Yes
64%
Click all animals! Liona No
64%
Click all animals! Tiburón Yes
64%
Click all animals! Hippopotoma No
55%
Click all countries! Dinamarca Yes
45%
Click all food items! Gambas Yes
45%
Click all countries! Nederlandia No
45%
Click all countries! Pakistana No
45%
Click all food items! Pulpo Yes
45%
Click all countries! Los países bajos Yes
27%
No matching quizzes found
Score Distribution
Percent of People with Each Score
Percentile by Number Answered
Your Score History
You have not taken this quiz